000 00970nam a2200277 i 4500
001 bg
245 0 0 _aPolish contributions to a Swedish-Polish symposium from pedagoues, philosophers, sociologists and economists in Szczecin /
_ceds Hans Hovenberg, Karol Matraszek, Wit J. Wojtowicz.
260 _aLinköping :
_bLinköping University,
_c2002.
300 _a150 s. :
_bwykr. ;
_c20 cm.1
490 _aCentre for Adult Educators Series,
_x1104-8255 ;
_v17
500 _aStreszcz. przy ref.
504 _aBibliogr.
650 _aNauki społeczne
_xzagadnienia
655 _aMateriały konferencyjne
700 1 _aHOVENBERG, Hans.
_eRed.
700 1 _aMATRASZEK, Karol.
_eRed.
700 1 _aWOJTOWICZ, Wit J.
_eRed.
830 _aCentre for Adult Educators Series,
_x1104-8255 ;
020 _a9173733806
040 _cBPK
041 0 _aeng
080 _a3(061)
920 _a91-7373-380-6
942 _cKS
008 s pl f |000 0 pol
999 _c44607
_d44607
856 _uhttp://koha.tu.koszalin.pl/cgi-bin/koha/opac-detail.pl?biblionumber=44607
_yKatalog online BPK